Marketingové reflexe body image

Možnosti skúmania rozvoja body image pomocou mining dát MML-TGI, primárnych overovaní a obsahovej analýzy, tak ako ho uplatňuje výzkumný projekt GACR „Marketingový význam body image“( (GACR 402/09/0311). Kultúrne podmienky body image v perspektíve spotrebného marketingu. Negatívny vplyv idealizovaný...

Full description

Saved in:
Bibliographic Details
Main Author: Koudelka, J.
Format: Book Chapter
Language:Czech
Subjects:
Tags: Add Tag
No Tags, Be the first to tag this record!

MARC

LEADER 00000nla$a2200000$$$4500
001 0105399
005 20240521122557.5
041 0 |a cze 
044 |a SK 
245 1 0 |a Marketingové reflexe body image  |c Jan Koudelka 
520 |a Možnosti skúmania rozvoja body image pomocou mining dát MML-TGI, primárnych overovaní a obsahovej analýzy, tak ako ho uplatňuje výzkumný projekt GACR „Marketingový význam body image“( (GACR 402/09/0311). Kultúrne podmienky body image v perspektíve spotrebného marketingu. Negatívny vplyv idealizovaných postáv v reklame a v realite. 
610 2 0 |a marketing 
610 2 0 |a spotrebitelia 
610 2 0 |a kultúra 
610 2 0 |a hygiena 
610 2 0 |a správanie 
610 2 0 |a analýzy 
100 1 |a Koudelka, J.